000 00511nam a2200157 i 4500
001 50305
003 ES-MaACL
007 t|
008 030801q1954 sp ||||1| spa d
100 1 _aCroy, O.R.
_941752
245 1 3 _aEl arte de hacer buenas copias y ampliaciones /
_cO. R. Croy ; versión española de Rosendo Sagrera.
260 _aBarcelona :
_bOmega,
_c[1954?] (
_fAgustín Núñez)
300 _a290 p., 31 lám. ;
_c25 cm.
700 1 _aSegrera, Rosendo.
_9105168
852 _aES-MaACL
_jC-8345
_bR.36239
999 _c50305
_d50305